| 000 | 00469nam a2200169Ia 4500 | ||
|---|---|---|---|
| 008 | 240729s9999 xx 000 0 und d | ||
| 022 | _a2513-8634 | ||
| 245 | 0 | _aEuropean Medical Journal Innovations | |
| 260 | _aUnited Kingdom | ||
| 260 | _bEuropean Medical Journal | ||
| 650 | _a Medical technology | ||
| 650 | _a Medicine (General) | ||
| 650 | _aMedicine | ||
| 856 | _uhttps://doaj.org/toc/bae592328b414945b379881374300179 | ||
| 942 | _2ddc | ||
| 942 | _cDOAJEJ | ||
| 999 |
_c65752 _d65752 |
||
| 945 |
_a1 _bMadushi Gamage _c1 _dMadushi Gamage |
||